Thermal processing of ready-to-eat meat products / (Record no. 356048)
[ view plain ]
| 000 -LEADER | |
|---|---|
| fixed length control field | 02234cam a2200349 a 4500 |
| 001 - CONTROL NUMBER | |
| control field | 15706767 |
| 003 - CONTROL NUMBER IDENTIFIER | |
| control field | USPCAS-E |
| 005 - DATE AND TIME OF LATEST TRANSACTION | |
| control field | 20180118181422.0 |
| 008 - FIXED-LENGTH DATA ELEMENTS--GENERAL INFORMATION | |
| fixed length control field | 090421s2010 iaua b 001 0 eng |
| 010 ## - LIBRARY OF CONGRESS CONTROL NUMBER | |
| LC control number | 2009015160 |
| 020 ## - INTERNATIONAL STANDARD BOOK NUMBER | |
| International Standard Book Number | 9780813801483 |
| 020 ## - INTERNATIONAL STANDARD BOOK NUMBER | |
| International Standard Book Number | 0813801486 |
| 035 ## - SYSTEM CONTROL NUMBER | |
| System control number | (OCoLC)ocn156809999 |
| 040 ## - CATALOGING SOURCE | |
| Original cataloging agency | DLC |
| Transcribing agency | DLC |
| Modifying agency | BTCTA |
| -- | YDXCP |
| -- | BAKER |
| -- | C#P |
| -- | SDB |
| -- | DLC |
| 050 04 - LIBRARY OF CONGRESS CALL NUMBER | |
| Classification number | QR117 |
| Item number | .T44 2010 |
| 082 00 - DEWEY DECIMAL CLASSIFICATION NUMBER | |
| Classification number | 664.001579 |
| Edition number | 22 |
| Author Mark | THE 2010 |
| 245 00 - TITLE STATEMENT | |
| Title | Thermal processing of ready-to-eat meat products / |
| Statement of responsibility, etc. | C. Lynn Knipe, Robert E. Rust [editors]. |
| 260 ## - PUBLICATION, DISTRIBUTION, ETC. | |
| Place of publication, distribution, etc. | Ames, Iowa : |
| Name of publisher, distributor, etc. | Wiley-Blackwell, |
| Date of publication, distribution, etc. | 2010. |
| 300 ## - PHYSICAL DESCRIPTION | |
| Extent | xi, 237 p. : |
| Other physical details | ill. ; |
| Dimensions | 24 cm. |
| 502 ## - DISSERTATION NOTE | |
| Dissertation note | . |
| 504 ## - BIBLIOGRAPHY, ETC. NOTE | |
| Bibliography, etc. note | Includes bibliographical references and index. |
| 505 0# - FORMATTED CONTENTS NOTE | |
| Formatted contents note | Heat and mass transfer / Bradley P. Marks -- Microbiology of cooked meats / Aubrey F. Mendonca -- Fundamentals of continuous thermal processing / Donald Burge -- Thermal processing of slurries / Darrell Horn, Daniel Voit -- Processing interventions to inhibit Listeria monocytogenes growth in ready-to-eat meat products / C. Lynn Knipe -- Introduction to lethality equations / Bradley P. Marks -- Predictive Microbiology Information Portal with particular reference to the USDA - Pathogen Modeling Program / Vijay Juneja, Andy Hwang, Mark Tamplin -- Supporting documentation materials for HACCP decisions / Mary Kay Folk -- The ten principles of sanitary design for ready-to-eat processing equipment / David Kramer -- Principles of sanitary design for facilities / David Kramer -- Third party audits / Robert E. Rust -- Food safety beyond guidelines and regulations / Bradley P. Marks -- Appendix A. Objectives and critical elements of thermal processing of ready-to-eat meat products / Erwin Waters. |
| 650 #0 - SUBJECT ADDED ENTRY--TOPICAL TERM | |
| Topical term or geographic name entry element | Food |
| General subdivision | Microbiology. |
| 650 #0 - SUBJECT ADDED ENTRY--TOPICAL TERM | |
| Topical term or geographic name entry element | Food |
| General subdivision | Effect of heat on. |
| 650 #0 - SUBJECT ADDED ENTRY--TOPICAL TERM | |
| Topical term or geographic name entry element | Industrial microbiology |
| General subdivision | Safety measures. |
| 650 #0 - SUBJECT ADDED ENTRY--TOPICAL TERM | |
| Topical term or geographic name entry element | Meat |
| General subdivision | Preservation. |
| 700 1# - ADDED ENTRY--PERSONAL NAME | |
| Personal name | Knipe, C. Lynn. |
| 700 1# - ADDED ENTRY--PERSONAL NAME | |
| Personal name | Rust, Robert E. |
| 906 ## - LOCAL DATA ELEMENT F, LDF (RLIN) | |
| a | 7 |
| b | cbc |
| c | orignew |
| d | 1 |
| e | ecip |
| f | 20 |
| g | y-gencatlg |
| 942 ## - ADDED ENTRY ELEMENTS (KOHA) | |
| Source of classification or shelving scheme | |
| Koha item type | Book |
| Withdrawn status | Lost status | Source of classification or shelving scheme | Damaged status | Not for loan | Collection code | Permanent Location | Current Location | Shelving location | Date acquired | Source of acquisition | Cost, normal purchase price | Total Checkouts | Full call number | Barcode | Date last seen | Price effective from | Koha item type |
|---|---|---|---|---|---|---|---|---|---|---|---|---|---|---|---|---|---|
| US-Pakistan Center for Advanced Studies in Energy (USPCAS-E) | US-Pakistan Center for Advanced Studies in Energy (USPCAS-E) | 02/09/2016 | Golden books | 17976.00 | 664.001579 THE 2010 | CAS-E0001288 | 02/09/2016 | 02/09/2016 | Book |
